Statistics for FA Cup Winners Quiz

Click here to take the quiz!

General Stats

  • This quiz has been taken 40 times
  • The average score is 22 of 44

Answer Stats

furthest they wentTimes WonWhen they wonAnswer% Correct
Winner142020, 2017, 2015,
2014, 2005, 2003,
2002, 1998, 1993,
1979, 1971, 1950,
1936, 1930
Arsenal
97%
Winner82022, 2006, 2001,
1992, 1989, 1986,
1974, 1965
Liverpool
94%
Winner72023, 2019, 2011,
1969, 1956, 1934,
1904
Manchester City
94%
Winner122016, 2004, 1999,
1996, 1994, 1990,
1985, 1983, 1977,
1963, 1948, 1909
Manchester United
94%
Winner81991 ,1982, 1981,
1967, 1962, 1961,
1921, 1901
Tottenham Hotspur
94%
Winner71957, 1920, 1913,
1905, 1897, 1895,
1887
Aston Villa
90%
Winner82018, 2012, 2010,
2009, 2007, 2000,
1997, 1970
Chelsea
84%
Winner51995, 1984, 1966,
1933, 1906
Everton
84%
Winner11972Leeds United
77%
Winner31980, 1975, 1964West Ham United
77%
Winner12013Wigan Athletic
77%
Winner61891, 1890, 1886,
1885, 1884, 1883
Blackburn Rovers
74%
Winner12021Leicester City
74%
Winner61955, 1952, 1951,
1932, 1924, 1910,
Newcastle United
71%
Winner51968, 1954, 1931,
1892, 1888
West Bromwich Albion
68%
Winner41960, 1949, 1908,
1893
Wolverhampton Wanderes
68%
Winner21973, 1937Sunderland
65%
Winner11988AFC Wimbledon
61%
Winner21959, 1898Nottingham Forest
61%
Winner21938, 1889Preston North End
61%
Winner11978Ipswich town
58%
Winner31935, 1907, 1896Sheffield Wednesday
58%
Winner11976Southampton
58%
Winner41958, 1929, 1926,
1923
Bolton Wanderers
52%
Winner22008, 1939Portsmouth
52%
Winner41925, 1915, 1902,
1899
Sheffield United
52%
Winner11987Coventry City
48%
Winner11911Bradford City
45%
Winner11927Cardiff City
45%
Winner11922Huddersfield Town
39%
Winner11894Notts County
35%
Winner11947Charlton Athletic
32%
Winner11946Derby County
29%
Winner11875Royal Engineers
26%
Winner11874Oxford University
13%
Winner21903, 1900Bury FC
6%
Winner11953Blackpool FC
3%
Winner11912Barnsley FC
0%
Winner11883Blackburn Olympic FC
0%
Winner11914,Burnley FC
0%
Winner11880Clapham Rovers FC
0%
Winner11881Old Carthusians FC
0%
Winner21882, 1879Old Etonians FC
0%
Winner51878, 1877. 1876,
1873, 1872
Wanderes FC
0%

Score Distribution

Percentile by Number Answered

Percent of People with Each Score

Your Score History

You have not taken this quiz